[Event "AUS-ch U12"]
[Site "Canberra"]
[Date "2007.01.25"]
[Round "10"]
[White "Miles, Alexander"]
[Black "Karibasic, Sabin"]
[Result "1-0"]
[WhiteElo "936"]
[BlackElo "559"]
[PlyCount "77"]
[EventDate "2007.01.14"]
[EventType "swiss"]
[EventRounds "11"]
[EventCountry "AUS"]
[SourceTitle "EXT 2008"]
[Source "ChessBase"]
[SourceDate "2007.11.25"]
[SourceVersion "1"]
[SourceVersionDate "2007.11.25"]
[SourceQuality "1"]

1. d4 d5 2. Bf4 Nf6 3. e3 Nc6 4. c4 e6 5. Nc3 Bb4 6. Nge2 Bd7 7. a3 Bxc3+ 8. Nxc3 a6 9. Qb3 b6 10. cxd5 exd5 11. Nxd5 Be6 12. Nxc7+ Kf8 13. Qxb6 Bd5 14. Nxd5 Qxd5 15. f3 Ke7 16. Bxa6 Qa5+ 17. Qxa5 Nxa5 18. Be2 Nd5 19. 0-0 Nxf4 20. exf4 Nb3 21. Rad1 Rhd8 22. d5 Rac8 23. Rfe1 Kd6 24. Bd3 Nc5 25. Bxh7 Rb8 26. b4 Nb7 27. Kf2 g6 28. f5 g5 29. Kg3 Rh8 30. Bg6 fxg6 31. fxg6 Rhg8 32. Re6+ Kd7 33. Kg4 Ra8 34. Rd3 Rh8 35. h3 Rae8 36. Rde3 Rxe6 37. Rxe6 Nd8 38. Ra6 Re8 39. g7 1-0

[Event "AUS-ch U12"]
[Site "Canberra"]
[Date "2007.01.19"]
[Round "5"]
[White "Karibasic, Sabin"]
[Black "Li, James"]
[Result "0-1"]
[WhiteElo "559"]
[BlackElo "1116"]
[PlyCount "89"]
[EventDate "2007.01.14"]
[EventType "swiss"]
[EventRounds "11"]
[EventCountry "AUS"]
[SourceTitle "EXT 2008"]
[Source "ChessBase"]
[SourceDate "2007.11.25"]
[SourceVersion "1"]
[SourceVersionDate "2007.11.25"]
[SourceQuality "1"]

1. e4 c6 2. d4 d5 3. e5 Bf5 4. f4 e6 5. Nf3 h6 6. h4 c5 7. Bb5+ Nc6 8. Bxc6+ bxc6 9. Nc3 Rc8 10. Be3 cxd4 11. Nxd4 Bh7 12. Nb3 c5 13. Nb5 Qb6 14. a4 a6 15. Na3 Qb4+ 16. Qd2 Qxa4 17. Qa5 Qxa5+ 18. Nxa5 c4 19. 0-0-0 c3 20. Bd4 cxb2+ 21. Bxb2 Bxa3 22. Bxa3 Rxc2+ 23. Kb1 Rc5+ 24. Ka2 Rxa5 25. Rc1 Ne7 26. Rc7 Kd8 27. Ra7 Nc8 28. Rxf7 Be4 29. Rxg7 Rh7 30. Rg8+ Kd7 31. Rc1 Nb6 32. Rb8 Nc4 33. Rc3 Rxa3+ 34. Rxa3 Nxa3 35. Kxa3 Kc7 36. Ra8 Kb7 37. Re8 Bf5 38. Rg8 Rc7 39. g4 Be4 40. g5 hxg5 41. fxg5 Rh7 42. g6 Rxh4 43. g7 Rg4 44. Re8 Rxg7 45. Rxe6 0-1